• 首页
  • 本馆介绍
  • 公告通知
  • 最新文献
  • 馆藏检索
  • 电子资源
  • 读者导购
  • 参考咨询
  • 我的图书馆
  • 登录
  • 详细信息显示
  • 放入我的书架
  • 预约/预借图书
  • 作者相关作品
  • 分类相关作品
  • 丛书相关作品
  • 出版社相关作品

书目信息

  • 表格格式
  • 工作单格式
  • 卡片格式
题名:
足球控制球技术图解
    
 
作者: 黄烨军 编著
分册:  
出版信息: 北京   北京体育大学出版社  2004
页数: 170页
开本: 19cm
丛书名: 运动技术图解丛书
单 册:
中图分类: G843.19
科图分类:
主题词: 足球运动--控制球--运动技术
电子资源:
ISBN: 7-81100-130-6
000 00830oam2 2200241 45
001 002684364
005 20050111081704.1
010    @a7-81100-130-6@dCNY16.00
100    @a20040719d2004 em y0chiy0110 ea
101 0  @achi
102    @aCN@b110000
105    @aa z 000yy
200 1  @a足球控制球技术图解@Azu qiu kong zhi qiu ji shu tu jie@f黄烨军编著@FHuang Ye Jun Bian Zhu
210    @a北京@c北京体育大学出版社@d2004
215    @a170页@c照片@d19cm
225 2  @a运动技术图解丛书
330    @a本书详尽介绍了控制球的基本技术与实战技巧,以及相应的循序渐进的训练方法。书中内容包括乐趣始于控制球、接控球技术、转身技术等六部分。
410    @12001 @a运动技术图解丛书
606 0  @a足球运动@x控制球@x运动技术
690    @aG843.19@v4
701  0 @a黄烨军@4编著
801  0 @aCN@bNLC@c20040806
905    @b342382-386@dG843.19@e178@f5
    
    足球控制球技术图解/黄烨军编著.-北京:北京体育大学出版社,2004
    170页:照片;19cm.-(运动技术图解丛书)
    
    
    ISBN 7-81100-130-6:CNY16.00
    本书详尽介绍了控制球的基本技术与实战技巧,以及相应的循序渐进的训练方法。书中内容包括乐趣始于控制球、接控球技术、转身技术等六部分。
●
相关链接 在E读中查询图书 在五车中查询图书 在当当中查询图书 在豆瓣中查询图书


正题名:足球控制球技术图解     索取号:G843.19/178         预约/预借

序号 登录号 条形码 馆藏地/架位号 状态 备注
1 0342382   203423820   第一样本阅览室/ [索取号:G843.19/178] 在馆    
2 0342383   203423839   第四借阅区/ [索取号:G843.19/178] 在馆    
3 0342384   203423848   第四借阅区/ [索取号:G843.19/178] 在馆    
4 0342385   203423857   第四借阅区/ [索取号:G843.19/178] 在馆    
5 0342386   203423866   第四借阅区/ [索取号:G843.19/178] 在馆    
唐山师范学院图书馆 欢迎您!
大连网信软件有限公司© 版权所有